000 01336nam a22003617a 4500
003 CHAP
005 20220329143437.0
008 090907s2009 mx r 00010 spa d
010 _a96698
011 _a97670
035 _a108340
040 _cCHAP
090 _aTesis
100 1 _aAlarcon Cruz, Noe.
_93349
245 1 0 _aCaracterización morfológica y molecular de jamica (Hibiscus saddariffa L.) del Estado de Guerrero, México
_c/por Noé Alarcón Cruz
260 _aChapingo, Méx. :
_bEl autor,
_c2009
300 _axii, 116 h. :
_bcuadros, gráfs. , ilus.
502 _aTesis (M.C. en Biotecnología Agrícola) -- UACH. Departamento de Fitotecnia
590 _aALEPH
_b10
_c20130110
_lUCH01
_h1530
590 _aBATCH-UPD
_b10
_c20130110
_lUCH01
_h1533
590 _aBATCH-UPD
_b10
_c20130410
_lUCH01
_h0939
590 _aBATCH-UPD
_b10
_c20130914
_lUCH01
_h1613
590 _aCONVERSION
_b10
_c20130109
_lUCH01
_h1353
650 1 4 _aHibiscus.
_955140
650 1 4 _aJamaica
_xFisiología y morfología.
_960992
650 1 4 _aJamaica
_zGuerrero.
_961004
650 1 4 _aMoléculas.
_977443
650 1 4 _aPlantas tropicales.
_989088
901 _aBK
942 _cFOLL
949 _aTesis
_bBC
_cTES
_d33724002103736
_eTS1
_gDonaciØn
_h49496
_i108340
_sb
949 _aTesis
_bBC
_cTES
_d33724002103777
_eTS2
_fc.2
_gDonaciØn
_h49497
_i108340
_sb
999 _c96698
_d96698